Hazrat Baba Farid Gunj Shakar Rahatullah Aleh aur bahishti darwazah = / (Record no. 134342)
[ view plain ]
| 000 -LEADER | |
|---|---|
| fixed length control field | 00504nam a2200145 4500 |
| 005 - DATE AND TIME OF LATEST TRANSACTION | |
| control field | 20240624095443.0 |
| 008 - FIXED-LENGTH DATA ELEMENTS--GENERAL INFORMATION | |
| fixed length control field | 240624b |||||||| |||| 00| 0 eng d |
| 040 ## - CATALOGING SOURCE | |
| Transcribing agency | PK-LaUMT |
| 082 ## - DEWEY DECIMAL CLASSIFICATION NUMBER | |
| Classification number | APC 297.4092 |
| Item number | AMI-H |
| 100 ## - MAIN ENTRY--PERSONAL NAME | |
| Personal name | Amin, Pir Muhammad = امین پیر محمد |
| 245 ## - TITLE STATEMENT | |
| Title | Hazrat Baba Farid Gunj Shakar Rahatullah Aleh aur bahishti darwazah = / |
| Statement of responsibility, etc | by Pir Muhammad Amin = از پیر محمد ا مین |
| 260 ## - PUBLICATION, DISTRIBUTION, ETC. (IMPRINT) | |
| Place of publication, distribution, etc | Lahore : |
| Name of publisher, distributor, etc | Azeem Publishers, |
| Date of publication, distribution, etc | 2004 |
| 300 ## - PHYSICAL DESCRIPTION | |
| Extent | 48 p. |
| 942 ## - ADDED ENTRY ELEMENTS (KOHA) | |
| Koha item type | Books |
| Withdrawn status | Lost status | Damaged status | Home library | Current library | Date acquired | Full call number | Barcode | Date last seen | Price effective from | Koha item type |
|---|---|---|---|---|---|---|---|---|---|---|
| UMT Main Campus | UMT Main Campus | 2024-06-24 | APC 297.4092 AMI-H | 146440 | 2024-06-24 | 2024-06-24 | Books |
